Billy Joel Lyrics Quiz (Part 75) - Statistics

General Stats
  • This quiz has been taken 36 times
  • The average score is 278 of 338
Answer Stats
Answer % Correct
a
100%
me
100%
me”
100%
The
100%
the
100%
Who
100%
an
94%
and
94%
And
94%
He
94%
he
94%
I
94%
it
94%
When
94%
you
94%
be
89%
But
89%
how
89%
If
89%
in
89%
is
89%
they
89%
to
89%
To
89%
us
89%
will
89%
all
83%
are
83%
at
83%
can
83%
feeling
83%
gin
83%
goes
83%
his
83%
It’s
83%
it’s
83%
life
83%
love
83%
man
83%
“Man
83%
my
83%
nine
83%
o’clock
83%
of
83%
on
83%
or
83%
real
83%
really
83%
regular
83%
Saturday
83%
we’re
83%
your
83%
alright
78%
away
78%
bar
78%
been
78%
“Bill,
78%
clothes”
78%
complete
78%
could
78%
crowd
78%
drink
78%
drinks
78%
for
78%
free
78%
friend
78%
gives
78%
got
78%
here?”
78%
he’s
78%
I’m
78%
knew
78%
Making
78%
man’s
78%
melody
78%
memory
78%
mine
78%
mood
78%
Navy
78%
next
78%
not
78%
old
78%
piano
78%
play
78%
probably
78%
sad
78%
say
78%
says,
78%
see
78%
shuffles
78%
Sing
78%
sit
78%
sitting
78%
“Son
78%
song
78%
still
78%
sure
78%
sweet
78%
that
78%
There’s
78%
there’s
78%
time
78%
tonic
78%
tonight
78%
up
78%
Well
78%
“Well,
78%
what
78%
wore
78%
younger
78%
you’re
78%
you’ve
78%
about
72%
believe
72%
bread
72%
‘Cause
72%
coming
72%
Davy,
72%
doing
72%
estate
72%
face
72%
forget
72%
from
72%
get
72%
gets
72%
good
72%
had
72%
he’d
72%
jar
72%
joke
72%
killing
72%
knows
72%
light
72%
like
72%
movie
72%
never
72%
novelist
72%
out
72%
place”
72%
put
72%
quick
72%
rather
72%
smile
72%
smoke
72%
someplace
72%
star
72%
talking
72%
this
72%
while
72%
who’s
72%
wife
72%
with
72%
As
67%
beer
67%
better
67%
call
67%
carnival
67%
John
67%
microphone
67%
politics
67%
practicing
67%
pretty
67%
sharing
67%
slowly
67%
smells
67%
sounds
67%
stoned
67%
than
67%
they’re
67%
they’ve
67%
waitress
67%
alone
61%
businessmen
61%
drinking
61%
manager
61%
Now
61%
Paul
61%
loneliness
56%
ran
56%
Yes
56%
No matching quizzes found
Score Distribution
Percent of People with Each Score
Percentile by Number Answered
Your Score History
You have not taken this quiz